Normal view
MARC view
Entry Personal Name
001 - CONTROL NUMBER
- control field: 262783
003 - CONTROL NUMBER IDENTIFIER
- control field: OSt
005 - DATE AND TIME OF LATEST TRANSACTION
- control field: 20260425123745.0
008 - FIXED-LENGTH DATA ELEMENTS
- fixed length control field: 260425|| aca||aabn | a|a d
040 ## - CATALOGING SOURCE
- Original cataloging agency: OSt
- Transcribing agency: OSt
100 ## - HEADING--PERSONAL NAME
- Personal name: Banumathi, R
670 ## - SOURCE DATA FOUND
- Source citation: Work cat.: (OSt)241360: Durga Das Basu 262779, Shorter constitution of India, 2021